Catálogo

Memoria del Congreso Guadalupano. (Registro nro. 18320)

Detalles MARC
000 -LEADER
fixed length control field 01258cam a2200289 i 4500
001 - CONTROL NUMBER
control field 18320
003 - CONTROL NUMBER IDENTIFIER
control field Mx-PuUPA
005 - DATE AND TIME OF LATEST TRANSACTION
control field 20250805131106.0
008 - FIXED-LENGTH DATA ELEMENTS--GENERAL INFORMATION
fixed length control field 140415s2002 mx a gr 000 0 spa d
040 ## - CATALOGING SOURCE
Original cataloging agency Mx-PuUPA
Language of cataloging spa
Transcribing agency Mx-PuUPA
Modifying agency Mx-PuUPA
Description conventions rda
041 0# - LANGUAGE CODE
Language code of text/sound track or separate title spa
110 2# - MAIN ENTRY--CORPORATE NAME
Corporate name or jurisdiction name as entry element Memoria del Congreso Guadalupano
Date of meeting or treaty signing (2002 :
Location of meeting México)
245 10 - TITLE STATEMENT
Title Memoria del Congreso Guadalupano.
Remainder of title "mucho quiero, muchísimo deseo que aquí me levanten mi templo" 8, 9 y 10 de octubre de 2001 /
Name of part/section of a work editor, Arturo Rocha Cortés
264 #1 - PRODUCTION, PUBLICATION, DISTRIBUTION, MANUFACTURE, AND COPYRIGHT NOTICE
Place of production, publication, distribution, manufacture México, D. F. :
Name of producer, publisher, distributor, manufacturer Basílica de Guadalupe AR, : Instituto de Estudios Guadalupanos Teológicos e Históricos Guadalupanos,
Date of production, publication, distribution, manufacture, or copyright notice 2002
300 ## - PHYSICAL DESCRIPTION
Extent x, 173 páginas :
Other physical details ilustraciones ;
Dimensions 22 cm
336 ## - CONTENT TYPE
Fuente rdacontent
Content type term texto
Content type code txt
337 ## - MEDIA TYPE
Source rdamedia
Media type term sin medio
Media type code n
338 ## - CARRIER TYPE
Source rdacarrier
Carrier type term volumen
Carrier type code nc
600 04 - SUBJECT ADDED ENTRY--PERSONAL NAME
Personal name Juan Diego,
Titles and other words associated with a name Santo
Dates associated with a name 1474-1548
Form subdivision Congresos
600 04 - SUBJECT ADDED ENTRY--PERSONAL NAME
Personal name Virgen María,
General subdivision Apariciones y milagros
Form subdivision Congresos
600 04 - SUBJECT ADDED ENTRY--PERSONAL NAME
Personal name Nuestra Señora de Guadalupe
Form subdivision Congresos
650 #7 - SUBJECT ADDED ENTRY--TOPICAL TERM
Source of heading or term armarc
Topical term or geographic name entry element Basílica de Santa María de Guadalupe (Ciudad de México, México)
Form subdivision Congresos
700 1# - ADDED ENTRY--PERSONAL NAME
Personal name Rocha Cortés, Arturo,
Relator term editor
942 ## - ADDED ENTRY ELEMENTS (KOHA)
Source of classification or shelving scheme Dewey Decimal Classification
Koha item type Libro
Classification part 232
Item part M53
Existencias
Withdrawn status Lost status Source of classification or shelving scheme Damaged status Not for loan Collection code Home library Current library Shelving location Date acquired Total Checkouts Full call number Barcode Date last seen Price effective from Koha item type
    Dewey Decimal Classification     General Centro de Estudios Guadalupanos Centro de Estudios Guadalupanos Sala general 05/08/2025   232.917 M53 2002 93299 05/01/2026 05/08/2025 Libro